El santo, el genio, el héroe

Պահպանված է:
Մատենագիտական մանրամասներ
Հիմնական հեղինակ: Scheler, Max Ferdinand (Հեղինակ)
Ձևաչափ: Գիրք
Լեզու:իսպաներեն
Հրապարակվել է: Buenos Aires Nova 1961
Հրատարակություն:1a. ed
Շարք:Colección La Vida del Espíritu
Խորագրեր:
Ցուցիչներ: Ավելացրեք ցուցիչ
Չկան պիտակներ, Եղեք առաջինը, ով նշում է այս գրառումը!

MARC

LEADER 00000cam a2200000 a 4500
001 UCW8530
003 CL-VaPUC
008 880928e19610000AG |||||||||||||||||spa|d
082 0 4 |a 170.2  |b SCH  |2 21 
100 0 |a Scheler, Max Ferdinand  |e author  |9 313737 
245 1 3 |a El santo, el genio, el héroe 
250 |a 1a. ed 
300 |a 169 p 
942 |c BK 
945 |d 19880928 00:00:00 
260 |a Buenos Aires  |b Nova  |c 1961 
650 0 |a Ética  |9 255099 
650 7 |a SANTOS  |2 CL-VaPUC  |9 313738 
650 7 |a GENIO  |2 CL-VaPUC  |9 313739 
650 7 |a HEROES  |2 CL-VaPUC  |9 313740 
583 |a last modification  |c 20150414 05:42:34  |k Rodrigo Vera 
490 0 |a Colección La Vida del Espíritu 
999 |c 220877  |d 220875 
952 |0 0  |1 0  |4 0  |6 170_200000000000000_SCH_1961  |7 0  |8 A  |9 213624  |a BIBEDU  |b BIBEDU  |d 2019-11-15  |i 3122018  |o 170.2 SCH 1961  |p 3122018  |r 2019-11-15  |w 2019-11-15  |y BK  |k FIL 
952 |0 0  |1 0  |3 erb  |4 0  |6 170_200000000000000_SCH_1961  |7 0  |8 A  |9 213625  |a BIBEDU  |b BIBEDU  |e Villagrán Garnham, Jorge  |i 5170923  |l 1  |o 170.2 SCH 1961  |p 5170923  |r 2023-10-23  |s 2023-10-23  |w 2019-11-15  |y BK  |z Catalogado en:20150423  |k FIL